00496nam a2200169Ia 4500001000900000003000500009005001700014008004100031010001100072040001900083100005300102245009100155260003000246500000800276650002500284650001700309dia_3857CHAP20251029162521.0220117sS.A. xx 000 0 und d a174464 cCHAPamxchpua  aMéxico. Secretaría de Recursos Hidraúlicos aPrincipales enfermedades de las abejas /c por Secretaría de Recursos Hidraúlicos aMéxico :b SARH,cS.A. aS/c aAbejasxEnfermedades aApicultura